| 000 | 00546nam a2200169 i 4500 | ||
|---|---|---|---|
| 001 | 95647 | ||
| 003 | ES-MaACL | ||
| 005 | 20230906181739.0 | ||
| 007 | t| | ||
| 008 | 050601s1962 sp ||||1| spa d | ||
| 100 | 1 |
_aLlopis Llopis, Salvador. _972842 |
|
| 245 | 1 | 0 |
_aApuntamientos para una Historia de la municipalidad de Salamanca / _cSalvador Llopis Llopis. |
| 260 |
_aSalamanca : _bAyuntamiento de Salamanca, _c1962. |
||
| 300 |
_a82 p., 5 lám. ; _c17cm. |
||
| 710 | 1 |
_aSalamanca. _bAyuntamiento. _96484 |
|
| 852 |
_aES-MaACL _jC-21781 _bR.50361 |
||
| 999 |
_c95647 _d95647 |
||